000 00897nam a2200289Ia 4500
003 GCL
008 140319s9999 xx 000 0 ara d
040 _aGCL /
_cGCL
082 0 4 _a361
_bم ت
100 1 _aمحمد مصطفى احمد
245 1 0 _aتطبيقات فى مجالات الخدمة الاجتماعية /
_cمحمد مصطفى احمد
260 _a[S.N] :
_bالمكتب الجامعى الحديث
300 _a230 ص
490 _a
650 0 4 _aتنظيم المجتمع
650 0 4 _aالخدمة الاجتماعية
650 0 4 _aالاجتماع
650 0 4 _aالشرطة
650 0 4 _aالامومة
650 0 4 _aالطفولة
650 0 4 _aالرعاية
650 0 4 _aالطلبة
650 0 4 _aالشئون الاجتماعية
650 0 4 _aالنشاط الاجتماعى
650 0 4 _aالرعاية الاجتماعية
942 _2ddc
_cBK
999 _c27852
_d27852